000 00519nam a22001937a 4500
999 _c7153
_d7153
003 OSt
005 20210907131036.0
008 210907b ||||| |||| 00| 0 eng d
020 _a085404695X
040 _cDDC
082 _a540MOL2002
100 _aTaylor,Peter
_914728
245 _aThe Molecular World
_bMechanism and synthesis
_cEdited by Taylor,Peter;
260 _aUK
_bThe Open University
_c2002
300 _a368p;
_bill
_c26cm
504 _aIncludes; index
650 _aChemistry
_9797
942 _2ddc
_cO_SHELF